| 000 | 01038nam0a22002411 4500 | ||
|---|---|---|---|
| 001 | rc\2950560 | ||
| 005 | 20110830143758.7 | ||
| 035 | _a(NLR Aleph) 007098220 | ||
| 090 |
_a6643509 _c6643509 |
||
| 100 | _a20110830d1934 |||y0rusy50 ca | ||
| 101 | 0 | _arus | |
| 102 | _aRU | ||
| 105 | _ay z ||||| | ||
| 200 | 1 |
_aПостоянная бригада в хлопковом колхозе _fН.Г. Сапильников |
|
| 210 |
_aМосква _aТашкент _cСАОГИЗ _d1934 _eТашкент |
||
| 215 |
_a52 с. _d17 см |
||
| 225 | 1 |
_aБиблиотека колхозника _fВсесоюз. акад. с.-х. наук им. В.И. Ленина. Среднеаз. филиал. Сектор организации и экономики крупного социалистического хозяйства Ср. Аз. НИХИ |
|
| 700 | 1 |
_aСапильников _bН. Г. _gНиколай Георгиевич |
|
| 801 | 0 |
_aRU _bNLR _gpsbo |
|
| 801 | 1 |
_aRU _bELAR _2rusmarc |
|
| 852 |
_aNLR _j34-9/6074 |
||
| 942 | _cBOOK | ||
| 980 | _aNB | ||